| 000 | 00492nam a2200205Ia 4500 | ||
|---|---|---|---|
| 005 | 20240823032554.0 | ||
| 008 | 240823s9999||||xx |||||||||||||| ||und|| | ||
| 020 | _a978 81 8128 91 79 | ||
| 041 | _aENGLISH | ||
| 082 | _A005.74 P9 | ||
| 100 | _a"Grossman,David A" | ||
| 245 | 0 | _aInformation Retrieval | |
| 250 | _a2nd | ||
| 260 |
_c2009 _b"Springer,New " |
||
| 500 | _aYES | ||
| 650 |
_aInformation _bComputer Science |
||
| 700 | _a" Frieder,Ophir" | ||
| 942 | _cBK | ||
| 999 |
_c193750 _d193750 |
||